| 000 | 00000nam##2200000za#4500 |
| 001 | 9.695904 |
| 003 | CaOODSP |
| 005 | 20210624234806 |
| 007 | cr ||||||||||| |
| 008 | 150407|2001||||xxc|||||o f|0| 0 eng|d |
| 040 | |aCaOODSP|beng |
| 043 | |an-cn--- |
| 086 | 1 |aSC94-82/2001E-PDF |
| 110 | 1 |aCanada.|bCanadian Centre for Management Development. |
| 245 | 14|aThe learning journey : |h[electronic resource]|ba guide to achieving excellence / |cby Peter Stoyko. |
| 246 | 3 |aCCMD roundtable on the learning organization |
| 260 | |bCanadian Centre for Management Development |c[2001]. |
| 300 | |a61p.|bfigs., references |
| 500 | |aThe catalogue number (SC94-82/2001) and ISBN (0-662-65654-7) for the bilingual print edition have been incorrectly copied in this electronic publication. |
| 520 | 3 |aThis guide offers practical advice to managers who want to foster “organizational learning.” The guide defines organizational learning and explains how to start implementing such learning in an organization, how to make an immediate difference and how to maintain momentum in the face of setbacks. These lessons are applied to a fictional case study. The guide also includes a list of additional resources, in print and on-line. This report was published by the Canadian Centre for Management Development in 2002. |
| 590 | |a12-16-Supp|b2012-04-17 |
| 690 | 07|aLearning|2gcpds |
| 690 | 07|aPublic administration|2gcpds |
| 690 | 07|aPublic service|2gcpds |
| 720 | 1 |aStoyko, Peter |
| 775 | 08|tLe périple de l'apprentissage : |w(CaOODSP)9.640024 |
| 776 | 0#|tThe learning journey : |w(CaOODSP)9.662687 |
| 776 | 0#|tLe périple de l'apprentissage : |w(CaOODSP)9.662688 |
| 856 | 40|ahttp://publications.gc.ca|qPDF|s899 KB|uhttps://publications.gc.ca/collections/Collection/SC94-82-2001E.pdf |